书目信息 |
| 题名: |
黑色风暴
|
|
| 作者: | 周力军 著 | |
| 分册: | ||
| 出版信息: | 北京 作家出版社 2002.02 |
|
| 页数: | 409页, [3] 页图版 | |
| 开本: | 22cm | |
| 丛书名: | ||
| 单 册: | ||
| 中图分类: | I247.57 | |
| 科图分类: | ||
| 主题词: | 长篇小说--中国--现代 | |
| 电子资源: | ||
| ISBN: | 7-5063-2295-1 | |
| 000 | 00926nam0 2200241 450 | |
| 001 | 0120020297 | |
| 005 | 20050906153402.45 | |
| 010 | @a7-5063-2295-1@dCNY22.00 | |
| 100 | @a20020404d2002 em y0chiy0110 ea | |
| 101 | 0 | @achi |
| 102 | @aCN@b110000 | |
| 105 | @aaf z 000ay | |
| 200 | 1 | @a黑色风暴@Ahei se feng bao@f周力军著@Fzhou li jun zhu |
| 210 | @a北京@c作家出版社@d2002.02 | |
| 215 | @a409页, [3] 页图版@c彩图@d22cm | |
| 312 | @a封面副题名: 粤港惊天铁案 | |
| 330 | @a本书讲述的是香港回归前后,几家金铺相继被抢劫;光天化日之下巨额押款车被神秘劫走;华人首富之子遭绑票,父为救子,付出数亿港元赎金,而落网的铁案罪犯或被从狱中救走,或被“无罪”释放……两地警方面临着亲情、友情、爱情各方面的挑战与压力。 | |
| 517 | 1 | @a粤港惊天铁案@AYue Gang Jing Tian Tie An |
| 606 | 0 | @a长篇小说@y中国@z现代 |
| 690 | @aI247.57@v4 | |
| 701 | 0 | @a周力军@Azhou li jun@4著 |
| 801 | 0 | @aCN@bQSSK@c20050906 |
| 905 | @a10447@dI247.57@eZ772 | |
| 黑色风暴/周力军著.-北京:作家出版社,2002.02 |
| 409页, [3] 页图版:彩图;22cm |
| ISBN 7-5063-2295-1:CNY22.00 |
| 本书讲述的是香港回归前后,几家金铺相继被抢劫;光天化日之下巨额押款车被神秘劫走;华人首富之子遭绑票,父为救子,付出数亿港元赎金,而落网的铁案罪犯或被从狱中救走,或被“无罪”释放……两地警方面临着亲情、友情、爱情各方面的挑战与压力。 |
| ● |
| 相关链接 |
|
|
|
正题名:黑色风暴
索取号:I247.57/Z772
 
预约/预借
| 序号 | 登录号 | 条形码 | 馆藏地/架位号 | 状态 | 备注 |
| 1 | 560270 | 205602702 | 文学库108/ [索取号:I247.57/Z772] | 在馆 | |
| 2 | 560271 | 205602711 | 社科二线422/422社科库 5排2列5层/ [索取号:I247.57/Z772] | 在馆 | |
| 3 | 560272 | 205602720 | 文学库108/ [索取号:I247.57/Z772] | 在馆 |